[Event "Xtracon Chess Open 2019"]
[Site "Helsingor DEN"]
[Date "2019.07.25"]
[Round "7.172"]
[White "Eiholt, Bjarne"]
[Black "Poulsen, Knud"]
[Result "0-1"]
[WhiteElo "1558"]
[BlackElo "1743"]
[WhiteFideId "1411225"]
[BlackFideId "1422324"]
[EventDate "2019.07.20"]

1. d4 Nf6 2. c4 e6 3. Nc3 Bb4 4. Qc2 c5 5. a3 cxd4 6. axb4 dxc3 7. bxc3 O-O 8.
Bg5 b6 9. Nf3 Bb7 10. e3 Be4 11. Bd3 Bxd3 12. Qxd3 Nc6 13. O-O a5 14. b5 Nb8 15.
Ra4 Re8 16. e4 e5 17. Rd1 Re6 18. h3 d6 19. Bxf6 gxf6 20. Nh4 Nd7 21. Nf5 Qf8
22. Qd5 Nc5 23. Ra2 Ra7 24. Qc6 Qd8 25. Rad2 h5 26. Rxd6 Rxd6 27. Rxd6 Rd7 28.
Qxb6 Qxb6 29. Rxb6 a4 30. Rb8+ Kh7 31. Ra8 Rd1+ 32. Kh2 Rd3 33. b6 Rxc3 34. Nd6
Rb3 35. Nb5 Rb4 36. Ra7 a3 37. b7 Nd7 38. Nxa3 Rb2 39. Nb5 Rb4 40. Ra8 Rxc4 41.
b8=Q Nxb8 42. Rxb8 Rxe4 43. Nd6 Rf4 44. Kg3 h4+ 45. Kh2 Rd4 46. g3 hxg3+ 47.
Kxg3 Rxd6 48. Rb4 f5 49. Rh4+ Rh6 50. Rb4 f4+ 51. Kh2 Kg7 52. f3 Rg6 53. Rb5 Kf6
54. Rb6+ Kf5 55. Rb3 Rc6 56. Rb2 Rc3 57. Kg2 Kg5 58. Rb8 Rc2+ 59. Kg1 Kh4 60.
Rh8+ Kg3 61. Rg8+ Kxf3 62. h4 Rc6 63. h5 Rh6 64. Rg5 f6 65. Rg6 Rxh5 66. Rxf6
Rg5+ 67. Kf1 e4 68. Re6 e3 69. Re7 e2+ 70. Rxe2 Rg1+ 0-1

[Event "Xtracon Chess Open 2019"]
[Site "Helsingor DEN"]
[Date "2019.07.25"]
[Round "7.173"]
[White "Rempe, Janne"]
[Black "Bredeli, Havard Iversen"]
[Result "0-1"]
[WhiteElo "1594"]
[BlackElo "1397"]
[WhiteFideId "16202392"]
[BlackFideId "1514440"]
[EventDate "2019.07.20"]

1. d4 Nf6 2. Nf3 d5 3. Bf4 e6 4. e3 Nbd7 5. c3 Be7 6. h3 O-O 7. Nbd2 c5 8. b3
Nb6 9. Bd3 Bd7 10. a3 Rc8 11. Qc2 c4 12. bxc4 dxc4 13. Be2 Ba4 14. Qa2 Nfd5 15.
Rc1 Bb5 16. Ne5 Na4 17. Nb1 Qa5 18. O-O Naxc3 19. Nxc3 Nxc3 20. Qd2 Nxe2+ 21.
Qxe2 c3 22. Nd3 Qa6 23. Rfd1 Ba4 24. Re1 Bb5 25. Red1 Bxa3 26. Ra1 c2 27. Rdc1
Bxd3 28. Qe1 b5 29. g3 b4 30. Qd2 b3 0-1

[Event "Xtracon Chess Open 2019"]
[Site "Helsingor DEN"]
[Date "2019.07.25"]
[Round "7.174"]
[White "Jensen, Johannes Frank"]
[Black "Gjelstrup, Ole"]
[Result "1/2-1/2"]
[WhiteElo "1347"]
[BlackElo "1544"]
[WhiteFideId "1457942"]
[BlackFideId "1413481"]
[EventDate "2019.07.20"]

1. d4 d5 2. c4 e6 3. Nc3 Nf6 4. Bg5 c5 5. e3 cxd4 6. Qxd4 Nc6 7. Qd1 Bb4 8. Ne2
O-O 9. g3 Qa5 10. Bxf6 gxf6 11. Bg2 Rd8 12. O-O dxc4 13. Qc1 Qg5 14. Ne4 Qg7 15.
Nf4 Be7 16. Rd1 Bd7 17. Qc2 Ne5 18. Nc3 Bc6 19. Bxc6 Nxc6 20. Nb5 Ne5 21. Nc7
Rac8 22. Ncxe6 Rxd1+ 23. Rxd1 fxe6 24. Nxe6 Qg4 25. Nf4 Nf3+ 26. Kg2 Nh4+ 27.
Kg1 Nf3+ 28. Kg2 b5 29. Nd5 Bd8 30. h3 Nh4+ 31. Kh2 Nf3+ 32. Kg2 Nh4+ 1/2-1/2

[Event "Xtracon Chess Open 2019"]
[Site "Helsingor DEN"]
[Date "2019.07.25"]
[Round "7.175"]
[White "Morling, Aase"]
[Black "Thybo, Jan"]
[Result "1-0"]
[WhiteElo "1470"]
[BlackElo "1316"]
[WhiteFideId "1440993"]
[BlackFideId "1438824"]
[EventDate "2019.07.20"]

1. e4 e5 2. Nf3 Nc6 3. Bc4 Bc5 4. c3 d6 5. d4 Bb6 6. dxe5 dxe5 7. Qxd8+ Kxd8 8.
Bxf7 Nf6 9. Bg5 h6 10. Bxf6+ gxf6 11. O-O Ke7 12. Bb3 Bg4 13. Nbd2 Be6 14. Bxe6
Kxe6 15. Nc4 Bc5 16. b4 Bf8 17. Rfd1 b5 18. Ne3 h5 19. Nd5 Bd6 20. Nh4 Rag8 21.
Nf5 Rg4 22. Nxd6 cxd6 23. f3 Rg5 24. Nc7+ Ke7 25. Nxb5 Rhg8 26. Rd2 h4 27. h3
Rg3 28. Kh2 a5 29. Nxd6 axb4 30. Nf5+ Ke6 31. Nxg3 hxg3+ 32. Kh1 bxc3 33. Rc2
Nd4 34. Rxc3 f5 35. exf5+ Kxf5 36. Rc7 Kf4 37. Rf7+ Ke3 38. Re1+ Ne2 39. Re7 Kf2
40. Rxe2+ Kxe2 41. Rxe5+ Kf2 42. Rb5 Rd8 43. Rb2+ Ke3 44. Rb1 Kf2 45. a4 Ra8 46.
Ra1 Ra5 47. Ra2+ Ke3 48. Kg1 Rd5 49. Ra1 Kf4 50. a5 Rd7 51. a6 Ra7 52. Kf1 Ke3
53. Ra3+ Kd4 54. h4 1-0

[Event "Xtracon Chess Open 2019"]
[Site "Helsingor DEN"]
[Date "2019.07.25"]
[Round "7.176"]
[White "Rempe, Lennik"]
[Black "Rostrup, Nicolai"]
[Result "0-1"]
[WhiteElo "1147"]
[BlackElo "1462"]
[WhiteFideId "16248031"]
[BlackFideId "1445073"]
[EventDate "2019.07.20"]

1. e4 c5 2. Nf3 Nc6 3. Nc3 Nf6 4. e5 Ng4 5. Qe2 Qc7 6. Nb5 Qb8 7. d4 cxd4 8. Bf4
e6 9. Bg3 Bb4+ 10. c3 dxc3 11. Nxc3 O-O 12. Qc4 Bxc3+ 13. bxc3 f5 14. exf6 Nxf6
15. Qh4 d6 16. Bd3 h6 17. Bg6 Qc7 18. O-O Ne7 19. Bc2 e5 20. Bb3+ Kh8 21. Bc2
Nf5 22. Qh3 Nxg3 23. Qxg3 Qd7 24. Nh4 Qg4 25. Ng6+ Kg8 26. Ne7+ Kh8 27. Ng6+ Kg8
28. Ne7+ Kf7 29. Nf5 Bxf5 30. Bxf5 Qxf5 31. Rfd1 Rad8 32. f4 e4 33. c4 d5 34.
Qb3 Kg8 35. Rd4 Kh8 36. Rad1 Qxf4 37. cxd5 Ng4 38. Qc2 Qxh2# 0-1

[Event "Xtracon Chess Open 2019"]
[Site "Helsingor DEN"]
[Date "2019.07.25"]
[Round "7.177"]
[White "Jensen, Jonbert M. S."]
[Black "Nielsen, Pia"]
[Result "0-1"]
[WhiteElo "1461"]
[BlackElo "1365"]
[WhiteFideId "1435914"]
[BlackFideId "1409700"]
[EventDate "2019.07.20"]

1. e4 c6 2. d4 g6 3. Nf3 Bg7 4. Bd3 Nf6 5. O-O O-O 6. c4 d5 7. e5 Nfd7 8. Nc3 e6
9. cxd5 cxd5 10. h4 Nc6 11. h5 Ne7 12. hxg6 fxg6 13. g3 Nf5 14. Kg2 Rf7 15. Ng5
Re7 16. Qg4 Nf8 17. Rh1 h5 18. Qh3 Bh8 19. Nf3 Rh7 20. Bg5 Qe8 21. g4 hxg4 22.
Qxg4 Bd7 23. Ne2 Rc8 24. Nf4 Rc7 25. Nh4 Rxh4 26. Rxh4 Nxh4+ 27. Bxh4 Bc8 28.
Nxg6 Rg7 29. Bf6 Rxg6 30. Bxg6 Qxg6 31. Qxg6+ Nxg6 32. Rc1 Bxf6 33. Rxc8+ Kf7
34. Rc7+ Be7 35. Rxb7 Nf4+ 36. Kf3 Ng6 37. Rxa7 Kg7 38. Rb7 Kh6 39. Kg4 Bh4 40.
Kf3 Kg5 41. a4 Nf4 42. Rb4 0-1

[Event "Xtracon Chess Open 2019"]
[Site "Helsingor DEN"]
[Date "2019.07.25"]
[Round "7.178"]
[White "Mansoor, Areeb"]
[Black "Hinrichs, Kurt"]
[Result "1/2-1/2"]
[WhiteElo "1183"]
[BlackElo "1225"]
[WhiteFideId "1535870"]
[BlackFideId "12994057"]
[EventDate "2019.07.20"]

1. e4 e6 2. d4 d5 3. e5 c5 4. Nf3 Nc6 5. Be3 cxd4 6. Nxd4 Nxd4 7. Bxd4 Ne7 8.
Nc3 Nf5 9. Bb5+ Bd7 10. Bxd7+ Qxd7 11. O-O Be7 12. Be3 O-O 13. Ne2 b6 14. c4
Rad8 15. cxd5 Qxd5 16. Qxd5 Rxd5 17. Bf4 g5 18. Nc3 Rd4 19. Be3 Nxe3 20. fxe3
Rd3 21. e4 Re3 22. Rf3 Bc5 23. Kf1 Bd4 24. Rxe3 Bxe3 25. g3 Bd4 26. Nb5 Bxb2 27.
Rb1 Bxe5 28. Nxa7 Bd4 29. Rb5 f6 30. Nc6 Bc5 31. a3 Ra8 32. Rb3 Rxa3 33. Rxa3
Bxa3 34. Ke2 f5 35. exf5 exf5 36. Kf3 Kf7 37. g4 Kf6 38. gxf5 Kxf5 39. Nd4+ Kg6
40. Kg3 h5 41. h4 gxh4+ 42. Kxh4 Bc5 43. Ne6 Kh6 44. Nc7 Bf2+ 45. Kh3 Kg5 46.
Ne6+ Kf5 47. Nc7 h4 48. Nd5 b5 49. Nc3 b4 50. Na4 Ke4 51. Nb2 Kd4 52. Kh2 Bg3+
53. Kh3 Kc3 54. Na4+ Kc2 55. Kg2 b3 56. Kh3 b2 57. Nxb2 Kxb2 58. Kg2 Kc2 59. Kg1
Kd2 60. Kg2 Ke3 61. Kg1 Kf3 62. Kh1 Kg4 63. Kg2 h3+ 64. Kg1 Bc7 65. Kf1 h2 66.
Kg2 1/2-1/2

[Event "Xtracon Chess Open 2019"]
[Site "Helsingor DEN"]
[Date "2019.07.25"]
[Round "7.179"]
[White "Linjord, Anders Jess"]
[Black "Johansen, Paul Ivar"]
[Result "1-0"]
[WhiteElo "1222"]
[BlackElo "1205"]
[WhiteFideId "1530020"]
[BlackFideId "1508024"]
[EventDate "2019.07.20"]

1. c4 c5 2. Nc3 Nc6 3. Nf3 d6 4. e3 Bg4 5. Be2 Nf6 6. O-O Bxf3 7. Bxf3 e5 8.
Bxc6+ bxc6 9. d4 e4 10. d5 Qc7 11. Qa4 Rc8 12. Rd1 Be7 13. Qc2 O-O 14. Nxe4 Nxe4
15. Qxe4 Rfe8 16. Qf3 Bg5 17. b3 f6 18. Bb2 cxd5 19. Qxd5+ Qf7 20. Qxd6 Bxe3 21.
fxe3 Rxe3 22. Qd5 Re6 23. Ba3 Rce8 24. Bxc5 h6 25. Bf2 Kh7 26. Re1 Qe7 27. Rxe6
Qxe6 28. Qxe6 Rxe6 29. Bxa7 f5 30. Bf2 g6 31. Re1 Ra6 32. a4 Kg8 33. Re7 Rd6 34.
g3 Rd1+ 35. Kg2 Rb1 36. Rb7 Rb2 37. a5 Ra2 38. b4 h5 39. c5 Re2 40. a6 Re6 41.
a7 Ra6 42. c6 1-0

[Event "Xtracon Chess Open 2019"]
[Site "Helsingor DEN"]
[Date "2019.07.25"]
[Round "7.180"]
[White "Gade, Jens"]
[Black "Huse, Lars Paul"]
[Result "1-0"]
[WhiteElo "1528"]
[BlackElo "1124"]
[WhiteFideId "1416111"]
[BlackFideId "1526537"]
[EventDate "2019.07.20"]

1. f4 d5 2. Nf3 b6 3. e3 e6 4. b3 Bb7 5. Bb2 Nd7 6. Be2 Ngf6 7. O-O Be7 8. d3
O-O 9. h3 Bc5 10. d4 Bd6 11. Nbd2 Re8 12. Ne5 Be7 13. Bb5 a6 14. Bc6 Bxc6 15.
Nxc6 Qc8 16. Nxe7+ Rxe7 17. Ba3 Re8 18. Qf3 c6 19. g4 Nb8 20. g5 Nfd7 21. Kf2 g6
22. h4 a5 23. h5 f5 24. hxg6 hxg6 25. Qh3 Kg7 26. Qh6+ 1-0

[Event "Xtracon Chess Open 2019"]
[Site "Helsingor DEN"]
[Date "2019.07.26"]
[Round "8.4"]
[White "Tari, Aryan"]
[Black "Bharath, Subramaniyam H"]
[Result "1-0"]
[WhiteTitle "GM"]
[BlackTitle "CM"]
[WhiteElo "2620"]
[BlackElo "2405"]
[WhiteFideId "1510045"]
[BlackFideId "46634827"]
[EventDate "2019.07.20"]

1. e4 c5 2. Nf3 e6 3. d4 cxd4 4. Nxd4 a6 5. c4 Nf6 6. Nc3 Qc7 7. Be2 Bb4 8. Nc2
Be7 9. Be3 d6 10. g4 h6 11. f3 Nc6 12. Qd2 Bd7 13. b3 Rc8 14. Na4 Ne5 15. Nb6
Rd8 16. O-O-O Bc6 17. Qc3 Ned7 18. Nxd7 Bxd7 19. h4 b5 20. Rdg1 d5 21. e5 b4 22.
Qd4 Nh7 23. cxd5 Rc8 24. Bd3 exd5 25. f4 Qa5 26. Kb1 Bb5 27. g5 Bxd3 28. Qxd3
Rc3 29. Qd2 Kd7 30. Bd4 Rc7 31. gxh6 Rhc8 32. Ne3 gxh6 33. f5 Nf8 34. Bb2 Kc6
35. Rg7 Bd8 36. Nxd5 Rd7 37. Nxb4+ Kb6 38. Bd4+ Kb7 39. Qg2+ Kb8 40. Nc6+ Rxc6
41. Qxc6 Qd2 42. Bb2 Qd3+ 43. Qc2 Qf3 44. Re1 Ba5 45. Rg8 Rd8 46. Rc1 Kb7 47.
Ba3 1-0

[Event "Xtracon Chess Open 2019"]
[Site "Helsingor DEN"]
[Date "2019.07.26"]
[Round "8.5"]
[White "Bjerre, Jonas Buhl"]
[Black "Grandelius, Nils"]
[Result "1/2-1/2"]
[WhiteTitle "IM"]
[BlackTitle "GM"]
[WhiteElo "2503"]
[BlackElo "2691"]
[WhiteFideId "1444948"]
[BlackFideId "1710400"]
[EventDate "2019.07.20"]

1. e4 e5 2. Nf3 Nc6 3. Bb5 a6 4. Ba4 Nf6 5. O-O Bc5 6. c3 b5 7. Bb3 d6 8. d4 Ba7
9. dxe5 Nxe5 10. Nxe5 dxe5 11. Qxd8+ Kxd8 12. Bg5 Ke7 13. Nd2 h6 14. Bxf6+ Kxf6
15. Bd5 Rb8 16. Nb3 Bb6 17. a4 Be6 18. axb5 Bxd5 19. exd5 axb5 20. Na5 Bxa5 21.
Rxa5 Rhd8 22. Rd1 Rb6 23. b3 c6 24. c4 cxd5 25. cxd5 Ke7 26. Kf1 Kd6 27. Rc1
Rdb8 28. b4 Kxd5 29. Rc5+ Ke6 30. h4 R8b7 31. Ke2 Kf5 32. Ke3 f6 33. Kf3 h5 34.
Ke3 g5 35. hxg5 Kxg5 36. f4+ Kf5 37. fxe5 fxe5 38. Ra1 Rg7 39. Rf1+ Ke6 40. Rh1
Rg3+ 41. Kf2 Rg5 42. g4 Rxg4 43. Rxh5 Kf7 44. Rhxe5 Rxb4 45. Rf5+ Rf6 46. Rxf6+
Kxf6 47. Ke3 Ke6 48. Kd3 Rc4 49. Rxc4 bxc4+ 50. Kxc4 1/2-1/2

[Event "Xtracon Chess Open 2019"]
[Site "Helsingor DEN"]
[Date "2019.07.26"]
[Round "8.7"]
[White "Christiansen, Johan-Sebastian"]
[Black "Hammer, Jon Ludvig"]
[Result "1/2-1/2"]
[WhiteTitle "GM"]
[BlackTitle "GM"]
[WhiteElo "2548"]
[BlackElo "2637"]
[WhiteFideId "1512668"]
[BlackFideId "1503707"]
[EventDate "2019.07.20"]

1. e4 e5 2. Nf3 Nc6 3. Bc4 Nf6 4. d4 exd4 5. O-O Nxe4 6. Re1 d5 7. Bxd5 Qxd5 8.
Nc3 Qh5 9. Nxe4 Be6 10. Bg5 Bd6 11. Nxd6+ cxd6 12. Bf4 Qd5 13. c3 Rc8 14. b3 O-O
15. Nxd4 Nxd4 16. Qxd4 Qxd4 1/2-1/2

[Event "Xtracon Chess Open 2019"]
[Site "Helsingor DEN"]
[Date "2019.07.26"]
[Round "8.22"]
[White "Buchal, Stephan"]
[Black "Korley, Kassa"]
[Result "0-1"]
[WhiteTitle "FM"]
[BlackTitle "IM"]
[WhiteElo "2260"]
[BlackElo "2437"]
[WhiteFideId "4603915"]
[BlackFideId "2033801"]
[EventDate "2019.07.20"]

1. c4 Nf6 2. g3 c6 3. Bg2 d5 4. Nf3 Bf5 5. b3 e6 6. O-O Be7 7. Bb2 h6 8. d3 O-O
9. Nbd2 Bh7 10. a3 a5 11. Ra2 Nbd7 12. Qa1 Re8 13. Bc3 Bf8 14. Re1 Qb8 15. e4
dxe4 16. dxe4 Nc5 17. Bxf6 gxf6 18. Qxf6 Bg7 19. Qh4 Qd8 20. Qh5 Qb6 21. Re3 Bg6
22. Qg4 Rad8 23. Nh4 Bh7 24. Qe2 Rd7 25. h3 Red8 26. Kh2 Nd3 27. Rc2 Qc5 28. Nb1
Nxf2 29. Qxf2 Bd4 30. Rce2 Bxe3 31. Qxe3 Qxe3 32. Rxe3 Rd1 33. Nc3 R1d3 34. Rf3
Rxf3 35. Nxf3 Rd3 36. Na4 Rxb3 37. Nc5 Rxa3 38. Ne5 b5 39. Ncd7 b4 40. Nf6+ Kg7
41. Nxh7 b3 42. Nd3 Ra2 43. Nf6 Kxf6 44. e5+ Ke7 0-1

[Event "Xtracon Chess Open 2019"]
[Site "Helsingor DEN"]
[Date "2019.07.26"]
[Round "8.33"]
[White "Jacobsen, Mikkel Manosri"]
[Black "Le Besq, Alexander"]
[Result "1-0"]
[WhiteTitle "FM"]
[WhiteElo "2343"]
[BlackElo "2149"]
[WhiteFideId "1444514"]
[BlackFideId "1437089"]
[EventDate "2019.07.20"]

1. d4 Nf6 2. c4 g6 3. Nc3 Bg7 4. Nf3 O-O 5. g3 d6 6. Bg2 c6 7. O-O Re8 8. e4 Qc7
9. h3 e5 10. Be3 Na6 11. Qc2 Bd7 12. Rad1 Rad8 13. Rfe1 Qc8 14. Kh2 b6 15. a3
Nc7 16. b4 Qa6 17. Qb3 h6 18. a4 Nh7 19. d5 cxd5 20. cxd5 f5 21. b5 Qb7 22. Nd2
Rf8 23. Nc4 Ne8 24. exf5 gxf5 25. f4 e4 26. Na2 Nhf6 27. Nb4 Rf7 28. Rd2 Rc8 29.
Nc6 Nxd5 30. Rxd5 Bxc6 31. bxc6 Qxc6 32. Nd2 Qd7 33. Nb1 Nf6 34. Rd2 d5 35. Bf1
Qd6 36. Red1 Rd7 37. Bd4 Qe6 38. Bb5 Rdc7 39. Ba6 Re8 40. Be5 Rc5 41. Qe3 Rd8
42. Nc3 Kh7 43. Bd4 Rc7 44. Bxf6 Bxf6 45. Nxd5 Rxd5 46. Rxd5 Rc3 47. Rd7+ Kg6
48. Qxc3 1-0

[Event "Xtracon Chess Open 2019"]
[Site "Helsingor DEN"]
[Date "2019.07.26"]
[Round "8.44"]
[White "Rosenkilde, Alexander"]
[Black "Bruaset, Eivind"]
[Result "1/2-1/2"]
[WhiteElo "2255"]
[BlackElo "2074"]
[WhiteFideId "1408488"]
[BlackFideId "1515276"]
[EventDate "2019.07.20"]

1. d4 Nf6 2. c4 g6 3. Nc3 Bg7 4. e4 d6 5. f3 O-O 6. Be3 Nbd7 7. Nge2 c5 8. Qd2
a6 9. d5 Ne5 10. Ng3 e6 11. a4 exd5 12. cxd5 Qa5 13. Be2 b5 14. O-O Nc4 15. Bxc4
bxc4 16. h3 Nd7 17. f4 Rb8 18. Rac1 Rb3 19. Nge2 f5 20. exf5 gxf5 21. Rc2 Nf6
22. Re1 Bd7 23. Bf2 Re8 24. Bh4 Qb6 25. Nc1 Rxe1+ 26. Bxe1 Rb4 27. Qe2 Be8 28.
Bh4 Bf7 29. Rd2 Ne4 30. Nxe4 fxe4 31. Qg4 Kh8 32. Qc8+ Bg8 33. Re2 Qb8 34. Qf5
Qf8 35. Qxf8 Bxf8 36. Rxe4 c3 37. Rxb4 cxb4 38. bxc3 bxc3 39. Kf2 Bxd5 40. Bf6+
Bg7 41. Bxg7+ Kxg7 42. a5 h5 43. g3 Be6 44. Ke3 Bxh3 45. Kd3 Kf6 1/2-1/2

[Event "Xtracon Chess Open 2019"]
[Site "Helsingor DEN"]
[Date "2019.07.26"]
[Round "8.45"]
[White "Nielsen, Jorgen Lovgren"]
[Black "Larsen, Karsten"]
[Result "0-1"]
[BlackTitle "FM"]
[WhiteElo "2053"]
[BlackElo "2254"]
[WhiteFideId "1403850"]
[BlackFideId "1404288"]
[EventDate "2019.07.20"]

1. e4 e5 2. Nf3 Nc6 3. Bb5 a6 4. Ba4 Nf6 5. O-O b5 6. Bb3 Bc5 7. Nxe5 Nxe5 8. d4
Bxd4 9. Qxd4 d6 10. c3 Bb7 11. Bg5 h6 12. Bxf6 Qxf6 13. f4 Ng4 14. Nd2 O-O 15.
Qd3 Qg6 16. Qg3 Kh8 17. Rae1 Rae8 18. Bc2 h5 19. h3 Ne5 20. Qh4 Nd7 21. Rf3 Qh6
22. Rg3 g6 23. Rg5 f6 24. Rg3 Rg8 25. Rge3 g5 26. fxg5 fxg5 27. Qf2 g4 28. Qh4
Ne5 29. Nf1 Bc8 30. Ng3 Rg5 31. Nf5 Bxf5 32. exf5 Reg8 33. Kh1 Qf6 34. hxg4 Kg7
35. Rh3 Rh8 36. Re4 Rxg4 37. Rxg4+ Nxg4 38. Qxf6+ Kxf6 39. Kg1 Re8 40. Bd3 Re1+
41. Bf1 Kg5 42. Rf3 Kf6 43. Rf4 Rb1 44. b3 Ne3 45. Rf3 Rxf1+ 46. Rxf1 Nxf1 47.
Kxf1 Kxf5 48. Kf2 Kf4 49. c4 bxc4 50. bxc4 c6 51. a4 a5 0-1

[Event "Xtracon Chess Open 2019"]
[Site "Helsingor DEN"]
[Date "2019.07.26"]
[Round "8.54"]
[White "Pallesen, Jacob"]
[Black "Andersen, Morten"]
[Result "0-1"]
[WhiteElo "2041"]
[BlackElo "2212"]
[WhiteFideId "1404881"]
[BlackFideId "1504908"]
[EventDate "2019.07.20"]

1. d4 d5 2. Nf3 c5 3. g3 Nc6 4. Bg2 Bf5 5. O-O e6 6. c3 Nf6 7. Qb3 Qb6 8. Nbd2
Be7 9. Qxb6 axb6 10. Nb3 c4 11. Nbd2 b5 12. Ne5 O-O 13. Ndf3 Ra6 14. Bg5 Rfa8
15. a3 b4 16. Nxc6 bxc6 17. cxb4 Bxb4 18. Bxf6 gxf6 19. Nh4 Bg4 20. f3 Bh5 21.
g4 Bg6 22. Nxg6 hxg6 23. Rad1 Bf8 24. e3 Rb8 25. Rd2 Rb3 26. Re1 Rab6 27. Ree2
c5 28. dxc5 Bxc5 29. Kf2 c3 30. bxc3 Rxc3 31. a4 Ra6 32. Ra2 Rc4 33. a5 Bb4 34.
Reb2 Rxa5 35. Bf1 Rxa2 36. Rxa2 Rc3 37. Bb5 Bc5 38. Re2 g5 39. Bd7 Kf8 40. Re1
Ke7 41. Bb5 f5 42. gxf5 exf5 43. Kg3 Bxe3 44. h4 f4+ 45. Kg4 gxh4 46. Kxh4 d4
47. Rd1 Kd6 48. Bd3 Kc5 49. Kg4 Rxd3 50. Rxd3 Kc4 51. Ra3 d3 52. Kf5 d2 53. Ra1
Kd3 0-1

[Event "Xtracon Chess Open 2019"]
[Site "Helsingor DEN"]
[Date "2019.07.26"]
[Round "8.57"]
[White "Mardell, Jonas"]
[Black "Thorsbro, Peter"]
[Result "1/2-1/2"]
[WhiteElo "2024"]
[BlackElo "2199"]
[WhiteFideId "1705636"]
[BlackFideId "1406671"]
[EventDate "2019.07.20"]

1. e4 e5 2. f4 exf4 3. Bc4 Qh4+ 4. Kf1 Ne7 5. Nc3 d6 6. d4 g5 7. Nf3 Qh6 8. h4
Bg4 9. Kg1 gxh4 10. Qd3 h3 11. g3 Bxf3 12. Qxf3 Qg7 13. Nb5 Na6 14. Bxf4 Ng6 15.
Rxh3 Nxf4 16. Qxf4 Be7 17. Rf1 O-O 18. c3 Bg5 19. Qf3 h6 20. Kg2 Rae8 21. Rfh1
d5 22. exd5 Re3 23. Qf5 Qg6 24. Qxg6+ fxg6 25. d6+ Kg7 26. dxc7 Re7 27. Rd1 Nxc7
28. Nxc7 Rxc7 29. Be6 Be7 30. Rhh1 Bd6 31. Rhf1 b6 32. Rde1 Re7 33. d5 Ree8 34.
b4 Rxf1 35. Rxf1 Re7 36. a3 Rc7 37. Rc1 Kf6 38. Kf3 a5 1/2-1/2

[Event "Xtracon Chess Open 2019"]
[Site "Helsingor DEN"]
[Date "2019.07.26"]
[Round "8.60"]
[White "Andersen, Kim Nyvang"]
[Black "Solberg, Joachim"]
[Result "0-1"]
[BlackTitle "FM"]
[WhiteElo "2008"]
[BlackElo "2181"]
[WhiteFideId "1415743"]
[BlackFideId "1502930"]
[EventDate "2019.07.20"]

1. d4 Nf6 2. c4 e6 3. Nc3 Bb4 4. e3 O-O 5. Ne2 d5 6. a3 Be7 7. cxd5 exd5 8. Nf4
c6 9. Be2 a5 10. O-O Re8 11. Qc2 Nbd7 12. b3 Nf8 13. Bd2 Ng6 14. Nxg6 hxg6 15.
Bd3 Bd6 16. f4 Ng4 17. Rf3 f5 18. h3 Nf6 19. Na4 Ne4 20. Bc1 Rb8 21. Rb1 g5 22.
fxg5 Qxg5 23. b4 axb4 24. axb4 Qh4 25. Bxe4 fxe4 26. Qf2 Qg5 27. Rf4 Bxf4 28.
exf4 Qg6 29. Be3 Bxh3 30. b5 Ra8 31. Nc5 Ra3 32. Re1 cxb5 33. Kh2 Bf5 34. Nxb7
Rea8 35. Rg1 Qh5+ 36. Kg3 R8a6 0-1

[Event "Xtracon Chess Open 2019"]
[Site "Helsingor DEN"]
[Date "2019.07.26"]
[Round "8.80"]
[White "Dew, Brian"]
[Black "Sebastian, Andreas"]
[Result "1-0"]
[WhiteTitle "FM"]
[WhiteElo "2094"]
[BlackElo "1911"]
[WhiteFideId "6000495"]
[BlackFideId "1529498"]
[EventDate "2019.07.20"]

1. e4 c5 2. Nf3 e6 3. d4 cxd4 4. Nxd4 Nc6 5. Nc3 Qc7 6. Be3 a6 7. Qd2 Nf6 8.
O-O-O Bb4 9. f3 d5 10. a3 Ba5 11. Nb3 O-O 12. Nxa5 Nxa5 13. Qf2 dxe4 14. Bb6
Qf4+ 15. Kb1 Nc6 16. Nxe4 Nxe4 17. fxe4 Qxf2 18. Bxf2 Rd8 19. Rxd8+ Nxd8 20. Bb6
Bd7 21. Be2 Kf8 22. Rd1 Ke8 23. e5 Nc6 24. Bc7 Rc8 25. Bd6 Ne7 26. c4 Bc6 27. g4
Ng6 28. Rf1 Be4+ 29. Ka2 Nf8 30. Rf4 Bc6 31. g5 Ng6 32. Rg4 Kd7 33. Rd4 Rg8 34.
Bd3 Ne7 35. Bc5+ Ke8 36. Bb6 f5 37. gxf6 gxf6 38. exf6 Nf5 39. Rd8+ Kf7 40. Rxg8
Kxg8 41. Bc7 Ne3 42. b4 Ng4 43. f7+ Kxf7 44. Bxh7 Kf6 45. Kb3 e5 46. h3 Nh6 47.
Kc3 Kg7 48. Bc2 Kf6 49. a4 Bd7 50. h4 Bc6 51. b5 axb5 52. axb5 Bf3 53. c5 Ng4
54. Kd2 Ke6 55. Bb3+ Kf5 56. Ke1 Kf6 57. Bd1 Bxd1 58. Kxd1 Ke6 59. Bb8 Kd5 60.
Ba7 Nf2+ 61. Ke2 Ne4 62. Kd3 Nf2+ 63. Kc2 Ne4 64. h5 Kc4 65. c6 bxc6 66. b6 Nd6
67. h6 1-0

[Event "Xtracon Chess Open 2019"]
[Site "Helsingor DEN"]
[Date "2019.07.26"]
[Round "8.81"]
[White "Karlsson, Jorgen"]
[Black "Ashwin, Hariharan"]
[Result "0-1"]
[WhiteElo "2114"]
[BlackElo "1881"]
[WhiteFideId "1711679"]
[BlackFideId "5812666"]
[EventDate "2019.07.20"]

1. d4 d5 2. Nc3 Nf6 3. Bg5 c6 4. e3 Qb6 5. a3 Bf5 6. Bxf6 exf6 7. b4 a5 8. Na4
Qc7 9. c3 Bd6 10. Nf3 O-O 11. Bd3 Bxd3 12. Qxd3 axb4 13. axb4 b5 14. O-O bxa4
15. Qc2 Qa7 16. Nd2 Nd7 17. f4 Rfe8 18. Rf3 Nb6 19. e4 dxe4 20. Nxe4 Qd7 21. Ng3
g6 22. h4 f5 23. h5 Nd5 24. hxg6 fxg6 25. Rxa4 Bxf4 26. Nf1 Bc7 27. Qb3 Rxa4 28.
Qxa4 Qd6 29. b5 Nb6 30. Qa2+ Qd5 31. Qa7 Re7 32. Qa6 Qxb5 33. Qxb5 cxb5 34. Ne3
Rd7 35. Nc2 Nd5 36. Na3 b4 37. cxb4 Nxb4 38. Nb5 Bb6 39. Rb3 Bxd4+ 40. Kf1 Bc5
41. Rc3 Be7 42. Ke2 Nd5 43. Rc4 Nf6 44. Nd4 Ne4 45. Nf3 Bf6 46. Ke3 Kf7 47. Rc6
Bg5+ 48. Ke2 Bf4 49. Rc4 Rc7 50. Rd4 Rc2+ 51. Kd3 Rxg2 52. Rd7+ Ke6 53. Rxh7 Rg3
54. Ke2 Rxf3 55. Kxf3 Ng5+ 56. Kg2 Nxh7 0-1

[Event "Xtracon Chess Open 2019"]
[Site "Helsingor DEN"]
[Date "2019.07.26"]
[Round "8.82"]
[White "Laustsen, Lars"]
[Black "Baliuniene, Margarita"]
[Result "0-1"]
[WhiteElo "2137"]
[BlackElo "1917"]
[WhiteFideId "1407554"]
[BlackFideId "12802760"]
[EventDate "2019.07.20"]

1. d4 d5 2. c4 e6 3. Nf3 Nf6 4. g3 dxc4 5. Bg2 Bd7 6. Ne5 Bc6 7. Nxc6 Nxc6 8.
O-O Qd7 9. e3 O-O-O 10. Qa4 Nd5 11. Qxc4 h5 12. Bd2 h4 13. Nc3 hxg3 14. hxg3 f5
15. Rab1 g5 16. b4 f4 17. b5 Nce7 18. Ne4 fxg3 19. Nxg3 Ng6 20. Rfc1 Bd6 21. Qa4
Kb8 22. Ne4 Nh4 23. Bh1 g4 24. Qd1 Qg7 25. Ng3 Rdf8 26. e4 Bxg3 27. exd5 Bxf2+
28. Kf1 Qxd4 29. Ke2 exd5 30. Rb4 Re8+ 31. Kf1 Rhf8 32. Rxd4 Bxd4+ 0-1